Budapest tram line 1 stops - Statistics

General Stats
  • This quiz has been taken 106 times
  • The average score is 23 of 32
Answer Stats
Answer Interchange % Correct
Népliget M3, 1A
95%
Puskás Ferenc Stadion M2, 1A
95%
Bécsi út / Vörösvári út 1A, 17, 19, 41
93%
Kelenföld vasútállomás M4, 19, 49, MÁV
93%
Göncz Árpád városközpont M3, 1A
92%
Bikás park M4
88%
Ferencváros vasútállomás –Málenkij Robot Emlékhely MÁV
88%
Közvágóhíd H6, H7, 2, 24
85%
Hős utca
81%
Kacsóh Pongrác út M1, 1A, 3, 69
81%
Szentlélek tér H5, 1A
81%
Zugló vasútállomás 1A, MÁV
81%
Infopark
77%
Flórián tér
73%
Etele út / Fehérvári út 17, 41, 47, 48, 56
71%
Hidegkuti Nándor Stadion 1A, 37, 37A
71%
Budafoki út / Dombóvári út
67%
Honvédkórház
64%
Bártfai utca
63%
Mester utca / Könyves Kálmán körút 2B, 51, 51A
63%
Erzsébet királyné útja, aluljáró 1A, 3, 69
62%
Albert Flórián út
59%
Kőbányai út / Könyves Kálmán körút 1A, 28, 28A, 62
59%
Népfürdő utca / Árpád híd
58%
Óbudai rendelőintézet
58%
Vajda Péter utca
58%
Ajtósi Dürer sor
55%
Egressy út / Hungária körút
52%
Lehel utca / Róbert Károly körút 1A, 14
52%
Hengermalom út / Szerémi út
48%
Hauszmann Alajos utca / Szerémi út
47%
Vágány utca / Róbert Károly körút
47%
No matching quizzes found
Score Distribution
Percent of People with Each Score
Percentile by Number Answered
Your Score History
You have not taken this quiz